Planificacin̤ y Gestin̤ de Recursos Humanos

Bibliographic Details
Format: eBook
Language:Spanish
Published: Bogot:̀ Ediciones de la U, 2015
Subjects:
Online Access:Acceso restringido

MARC

LEADER 00000nam a22000007a 4500
005 20210511001629.0
007 cr|||| |||
008 210511s2015 co |||||s|||| 00||0 spa d
020 |a 978-958-762-437-3 
035 |a 33404 
040 |a vLex 
090 |c 11642  |d 11642 
245 0 0 |a Planificacin̤ y Gestin̤ de Recursos Humanos  |h [Recurso electrn̤ico] / 
256 |a Servicio en ln̕ea 
260 |a Bogot:̀  |b Ediciones de la U,  |c 2015 
300 |a 1 recurso electrn̤ico 
500 |a El props̤ito de este manual es el de ser una gua̕ t︢il para el aprendizaje, siendo eminentemente prc̀tica y didc̀tica. Trata los siguientes temas:Planificacin̤ y gestin̤ de recursos humanos, Organizacin̤ empresarial, La direccin̤ de recursos humanos, El cambio organizacional, Plan estratǧico de recursos humanos, Gestin̤ por competencias, Gestin̤ del conocimiento del talento, Gestin̤ por objetivos y Cuadro de mando la gestin̤ de personas. 
506 1 |a Disponible solo en los productos indicados  |d vLex Global  |d vLex Global (Academic Edition, excluding Law Schools)  |d vLex Global (U.S. Academic Edition, Law Schools)  |d vLex Global (U.S. Academic Edition, excluding Law Schools)  |d vLex Global (Academic Edition, Law Schools) 
650 0 4 |a Administracin̤ (Management)  |z Colombia 
740 0 |a vLex Libros (Servicio en ln̕ea) 
856 4 0 |u https://vlex.com/source/planificacion-y-gestion-de-recursos-humanos-33404  |z Acceso restringido 
942 |c BOOK 
999 0 |a Administration (Management)